000 00940nam a2200277 i 4500
001 000043928
003 DO-SdBNP
005 20240718155535.0
007 ta
008 140509s1998 sp cf 001 0 spa d
020 _a8420652571
040 _aDO-SdBNP
_bspa
_cBNPHU
_erda
082 4 _222
245 0 0 _aDiccionario del cine español /
_cdirigido por, José Luis Borau ; documentación, María Pastor.
264 _aMadrid :
_bAlianza,
_c1998.
300 _a1,106 páginas :
_bretratos, laminas ;
_c25 cm.
336 _2rdacontent
_atexto
_btxt
337 _2rdamedia
_asin mediación
_bn
338 _2rdacarrier
_avolumen
_bnc
500 _aAcademia de las Artes y las Ciencias Cinematográficas de España
500 _aIncluye índice de películas páginas 927-1106
590 _aInventariado, 2024/BT
700 1 _aBorau, José Luis,
_edirector
_969965
700 1 _aPastor, María,
_edocumentación
_971854
942 _2ddc
_cLBS1
999 _c43417
_d43417